Teaching and Organisation : (Record no. 184880)
[ view plain ]
| 000 -LEADER | |
|---|---|
| fixed length control field | 01187 a2200169 4500 |
| 003 - CONTROL NUMBER IDENTIFIER | |
| control field | NUST |
| 005 - DATE AND TIME OF LATEST TRANSACTION | |
| control field | 20221214172342.0 |
| 040 ## - CATALOGING SOURCE | |
| Transcribing agency | Nust |
| 082 ## - DEWEY DECIMAL CLASSIFICATION NUMBER | |
| Classification number | 317.2,TEA |
| 100 ## - MAIN ENTRY--PERSONAL NAME | |
| Personal name | Barnett.P.A |
| 9 (RLIN) | 104876 |
| 245 ## - TITLE STATEMENT | |
| Title | Teaching and Organisation : |
| Remainder of title | A Manual of Practice / |
| Statement of responsibility, etc. | Edited by P.A. Barnett |
| 260 ## - PUBLICATION, DISTRIBUTION, ETC. | |
| Place of publication, distribution, etc. | london |
| Name of publisher, distributor, etc. | longmans Green |
| Date of publication, distribution, etc. | 1916 |
| 300 ## - PHYSICAL DESCRIPTION | |
| Extent | xix, 418:p.; |
| 505 ## - FORMATTED CONTENTS NOTE | |
| Formatted contents note | The Criteria in Education (Page-1), Organization and Curricula (Page-14), The Kindergarten (Page-34), Reading and Speaking (Page-45), Writing (Page-56), Drawing (Page-63), Mathematics (Page-78), Mathematics (Page-79), On the Teaching of English Grammar (Page-98), English Literature (Page-136), Modern History (Page-161), Ancient History (Page-180), Geography (Page-199), Classical Teaching (Page-211), Classical Teaching (Page-214), The Teaching of Modern Languages (Page-261), Vocal Music (Page-281), Ineffectiveness’ in Teaching (Page-313), Specialisation (Page-332), School Libraries (Page-344), Health and Physical Culture (Page-356), Furniture Apparatus and Appliances (Page-384), Organisation and Curricula in Girls Schools (Page-398). |
| 650 ## - SUBJECT ADDED ENTRY--TOPICAL TERM | |
| Topical term or geographic name entry element | Organisation |
| 9 (RLIN) | 104877 |
| 942 ## - ADDED ENTRY ELEMENTS (KOHA) | |
| Source of classification or shelving scheme | |
| Koha item type | Book |
| Call number prefix | 317.2,TEA |
| Withdrawn status | Lost status | Source of classification or shelving scheme | Damaged status | Not for loan | Permanent Location | Current Location | Shelving location | Date acquired | Full call number | Barcode | Date last seen | Price effective from | Koha item type | Public note |
|---|---|---|---|---|---|---|---|---|---|---|---|---|---|---|
| Military College of Signals (MCS) | Military College of Signals (MCS) | General Stacks | 12/12/2016 | 317.2,TEA | MCS30050 | 12/08/2016 | 12/12/2016 | Book | Almirah No.49, Shelf No.3 |
